Responses for Show #8709 - Thursday, September 29, 2022

David Sibley game 4.

Contestants

[<< previous game]

Sonalee Rau, a life sciences consultant from New York, New York

Moira Smith, an accountant from Washington, D.C.

David Sibley, an Episcopal priest from Walla Walla, Washington (whose 3-day cash winnings total $55,799)

[next game >>]

Jeopardy! Round responses

THE EX-COUNTRY
STAY HEALTHY
MAKING THE ROUNDS
RELIGION
CHARACTERS ON THE TV SHOW
BEASTLY TALK
    $200 6
East Germany

Sonalee
    $200 30
salmon

David
    $200 19
"Row, Row, Row Your Boat"

Sonalee
    $200 11
Sunni & Shiite Islam

David
    $200 21
Bridgerton

Sonalee
    $200 26
making a beeline

Sonalee
    $400 5
Corsica

David
    $400 29
jumping jacks

David
    $400 18
sourdough

David
    $400 10
(David: RELIGION for $200.)
(Ken: You're doing well in this.)
[Laughter]

a Hail Mary

David
    $400 20
The Marvelous Mrs. Maisel

Sonalee
    $400 25
to get the lion's share

Sonalee
    $600 4
Gran Colombia

Moira
    $600 7
LDL

David
    $600 17
a circle

Sonalee
    $600 9
(Sonalee: What is dalai?)

lama

DavidSonalee
    $600 15
Star Trek: Voyager

David
    $600 22
(David: What is stay?)

let sleeping dogs lie

DavidSonalee
    $800 3
Czechoslovakia

David
    $800 27
lunges

Sonalee
    $800 16
3.14

David
    $800 8
patriarch

David
    $800 14
It's Always Sunny in Philadelphia

Moira
    $800 23
chickens come home to roost

David
    $1,000 2
Austria-Hungary

Moira
    $1000 28
(Sonalee: What is vitamin K?)

vitamin C

Sonalee
Triple Stumper
    $1000 12
the Algonquin

Moira
    $1000 1
(Ken: [After David's opening clue selection] I thought we might.)
[Laughter]

the rapture

Moira
    $1000 13
(David: What is That '70s Show?)
...
(Ken: I kind of thought David did not watch [*] and I was correct.)
(David: You are correct.)
[Laughter]

Euphoria

David
Triple Stumper
    $1000 24
a one-trick pony

David

Scores at the first commercial break (after clue 15):

David Moira Sonalee
$3,400 $4,400 -$400

Scores at the end of the Jeopardy! Round:

David Moira Sonalee
$6,400 $4,400 $2,000

Double Jeopardy! Round responses

READING RAINBOW
THE BEATLE'S NON-BEATLES SONG
U.S. COUNTIES
FROM DAWN TO DUSK
(Ken: Each response will appear somewhere between "dawn" and "dusk" in the dictionary.)
PIRATES!
THERE'S A PRICE ON MY HEAD
    $400 11
Orange is the New Black

David
    $400 10
Silly

Moira
    $400 19
Massachusetts

David
    $400 1
dazed

David
    $400 30
they were pregnant

Triple Stumper
    $400 29
cabbage

David
    $2,000 24
(Ken: Sonalee?)
(Sonalee: What is I Know Why the Caged Bird Sings?)
(Ken: No, I'm sorry, the thing on her bosom is [*]; it's Hester Prynne's daughter.)

The Scarlet Letter

Sonalee
    $800 9
"You're Sixteen"

Moira
    $800 18
Dade County

David
    $800 2
DayGlo

Sonalee
    $800 23
Captain Kidd

Sonalee
    $800 25
(Ken: Yes, with less than a minute to play.)

Picasso

Moira
    $1200 12
postpartum depression

David
    $1200 8
"Imagine"

David
    $3,500 17
Panhandle

David
    $1200 3
(Moira: What is [**]?)
[Ruled incorrect; changed to correct when Daily Double plays]

duffel (denim)

Moira
    $1200 22
a galley

Triple Stumper
    $1200 28
(Moira: Who is Gillette?)

Braun

Moira
Triple Stumper
    $1600 13
Anne of Green Gables

Sonalee
    $1600 7
"My Sweet Lord"

David
    $1600 15
(Moira: Who is Evangeline?)
...
(Ken: It's a different Longfellow poem--[*], from The Song of Hiawatha.)

Minnehaha

Moira
Triple Stumper
    $1600 4
(David: What's a drachma?)

the ducat

David
Triple Stumper
    $1600 20
(Captain) Phillips

David
    $1600 27
a heifer

Sonalee
    $2000 14
(Moira: What is Island of the Blue Dolphin?)

Island of the Blue Dolphins

DavidMoira
    $2000 6
"Instant Karma!"

David
    $2000 16
(David: What is Michigan?)
...
(Ken: Detroit's in [*], Michigan.)

Wayne County

David
Triple Stumper
    $2000 5
declension

Moira
    $2000 21
the Barbary States

David
    $2000 26
the B-52

David

Scores at the end of the Double Jeopardy! Round:

David Moira Sonalee
$22,300 $4,800 $4,800
(lock game)

[wagering suggestions for these scores]

Final Jeopardy! Round responses

INNOVATIONS
[Sonalee's response was revealed first.]
(Ken: [To David] It was the 1970 World Cup; these were [*], didn't have the black pentagons before then.)
MoiraWhat are ?
$0
SonaleeWhat are closed captions?
$1
DavidWhat are hockey pucks?
$1
soccer balls

Final scores:

David Moira Sonalee
$22,299 $4,800 $4,799
4-day champion: $78,098 2nd place: $2,000 3rd place: $1,000

Game dynamics:

Coryat scores:

David Moira Sonalee
$20,000 $4,800 $6,800
28 R
(including 1 DD),
4 W
10 R
(including 1 DD),
3 W
13 R,
3 W
(including 1 DD)

Combined Coryat: $31,600

[game clues] [game scores] [suggest correction]

Game tape date: 2022-08-08
The J! Archive is created by fans, for fans. Scraping, republication, monetization, and malicious use prohibited; this site may use cookies and collect identifying information. See terms. The Jeopardy! game show and all elements thereof, including but not limited to copyright and trademark thereto, are the property of Jeopardy Productions, Inc. and are protected under law. This website is not affiliated with, sponsored by, or operated by Jeopardy Productions, Inc. Join the discussion at JBoard.tv.